00458nam a2200181Ia 4500003000400000005001700004008004100021020002200062040000700084041000800091082002300099100002000122245005000142260003300192300001800225365001300243650002000256OSt20230503103643.0210423s2020 xx 000 0 und d a978-0-00-837606-2 cAL aeng a823.912 223bTOLL aTOLKIEN (J R R) aLord of the rings: the fellowship of the ring aLondonbHarper Collinsc2020 axxiii,424bPB b903cGBP aEnglish Fiction